000 00727nam a22002297a 4500
001 87171
003 UA-OsUOA
005 20220501154320.0
007 ta
008 20120914b un ||||| |||| 00| 0 ukr d
040 _aUA-OsUOA
_brus
_cUA-OsUOA
_dUA-OsUOA
041 _arus
080 _a82.09(470+571)+(430)
090 _a82.09(470+571)+(430)
_bВ46
100 _aВильмонт Н.
245 _aДостоевский и Шиллер
_bзаметки русского германиста
260 _aМ.
_bСоветский писатель
_c1984
300 _a280 с.
650 7 _a82.09 Літературна критика. Літературні дослідження
_2UDC
942 _cBK
_2udc
955 _a1
999 _c373462
_d373462